|
|
|
|
| LEADER |
00000nab a2200000 a 4500 |
| 001 |
vtls010710274 |
| 003 |
SK-MaSNL |
| 005 |
20260304195036.0 |
| 008 |
250709s1958 xo |||||||||||||||||slo| |
| 035 |
|
|
|a (urnnbn)urn:nbn:sk:snk:ar-a045ji
|
| 035 |
|
|
|a (uuid)77afa948-7036-481d-93cc-02b8ce6bf563
|
| 035 |
|
|
|a urn:nbn:sk:snk-ab3dpb
|
| 040 |
|
|
|a SNKBUCL
|b slo
|c SNKBUCL
|e AACR2
|
| 041 |
0 |
|
|a slo
|
| 044 |
|
|
|a xo
|c SK
|
| 100 |
1 |
|
|a Ferenčík, M.
|4 aut
|9 189086
|
| 245 |
1 |
0 |
|a VPLYV ANTIBAKTERIÁLNYCH LÁTOK NA METABOLIZMUS BRUCELOVÝCH KMEŇOV
|n VII.
|p ÚČINOK NEOMYCÍNU
|c M. Ferenčík, V. Krčméry, F. Nižnánsky
|
| 700 |
1 |
|
|a Krčméry, Vladimír,
|d 1931-2014
|4 aut
|9 175351
|
| 700 |
1 |
|
|a Nižnánsky, František,
|d 1911-1967
|4 aut
|9 48759
|
| 773 |
0 |
|
|t Veterinársky časopis
|g Roč. 7, č. 5 (1958), s. 454-461
|
| 850 |
|
|
|a Slovenská národná knižnica
|
| 852 |
|
|
|a Slovenská národná knižnica
|
| 954 |
|
|
|a odborná, vedecká literatúra pôvodná (slovenská)
|2 lita
|
| 958 |
|
|
|a article1
|
| 958 |
|
|
|a OND
|
| 958 |
|
|
|a EUIPO
|
| 999 |
|
|
|c 3078747
|d 3080677
|